000
00302 a2200145 4500
001
69582
082
_a
155.2 CFT
090
_c
38699
_d
38699
100
_a
CFT
245
_a
CBL-IV
260
_a
Masoor
_b
PAF Press Masoor
_c
2005
300
_a
53p.
500
_a
CFT Precise
520
_a
CFT Precise
942
_a
NUST CAE
_k
155.2 CFT
999
_c
304655
_d
304655